000 00902nac a22002657a 4500
001 BR8006610
003 BR-BrBNA
005 20240105114828.0
008 230509b bl.|||m| |||| 00| 0 por d
040 _aBR-BrBNA
_bpor
_cBiblioteca Nacional de Agricultura
072 _aE10; E50
090 _aE10 BR8006610
110 1 _aEscola Interamericana de Administracao Publica, Rio de Janeiro, RJ (Brasil)
_94314
245 1 _aProjeto de intercambio de pesquisa social em agricultura [Brasil]
260 3 _aRio de Janeiro, RJ (Brasil):
_c1980.
300 _a123 p.
490 _aBoletim Informativo - Escola Interamericana de Administracao Publica (Brazil)
_vno. 5
_x
650 _aREFORMA AGRARIA
650 _aINDUSTRIA AGRICOLA
650 _aPEQUENO PRODUTOR
650 _aSINDICATO
650 _aPESQUISA AGRICOLA
909 _a202312
_bLúcia Elande
_c55
_dLúcia Elande
942 _2AGRIS
_n0
_cMS
999 _c271539
_d271539